000 00297nam a22001337a 4500
008 170131b xxu||||| |||| 00| 0 alb d
020 _a9789951437424
041 _aalb
080 _a61
100 _a3
101 _aSHM
245 _aBAZAT THEMELORE TE INFERMIERISE
_cLENJANI, B
942 _2udc
_cBK
999 _c4167
_d4167